<?xml version="1.0" encoding="UTF-8"?>
<record
    xmlns:xsi="http://www.w3.org/2001/XMLSchema-instance"
    xsi:schemaLocation="http://www.loc.gov/MARC21/slim http://www.loc.gov/standards/marcxml/schema/MARC21slim.xsd"
    xmlns="http://www.loc.gov/MARC21/slim">

  <leader>03172nam a2200481 a 4500</leader>
  <controlfield tag="001">00003855</controlfield>
  <controlfield tag="003">DO-SdBNP</controlfield>
  <controlfield tag="005">20180309130343.0</controlfield>
  <controlfield tag="007">00003855</controlfield>
  <controlfield tag="008">091125s2012    dr a          000 0 spa d</controlfield>
  <datafield tag="020" ind1=" " ind2=" ">
    <subfield code="a">9789945117417</subfield>
  </datafield>
  <datafield tag="040" ind1=" " ind2=" ">
    <subfield code="a">BPMSU</subfield>
    <subfield code="b">spa</subfield>
    <subfield code="c">BPMSU</subfield>
  </datafield>
  <datafield tag="082" ind1="0" ind2="4">
    <subfield code="a">372.63</subfield>
    <subfield code="b">J61o    4to.    2012</subfield>
  </datafield>
  <datafield tag="100" ind1="1" ind2=" ">
    <subfield code="a">Jim&#xE9;nez Malena, Martha   Ariza </subfield>
  </datafield>
  <datafield tag="245" ind1="1" ind2="0">
    <subfield code="a">Ortograf&#xED;a 4 :</subfield>
    <subfield code="b">[educaci&#xF3;n b&#xE1;sica] /</subfield>
    <subfield code="c">Martha Ariza Jim&#xE9;nez Malena ; editora Mar&#xED;a Isabel Inch&#xE1;ustegui ; direcci&#xF3;n editorial Obdulia Garc&#xED;a de Escobar ; ilustraci&#xF3;n Ruddy N&#xFA;&#xF1;ez.</subfield>
  </datafield>
  <datafield tag="246" ind1=" " ind2=" ">
    <subfield code="a">Educaci&#xF3;n b&#xE1;sica </subfield>
  </datafield>
  <datafield tag="260" ind1=" " ind2=" ">
    <subfield code="a">Santo Domingo :</subfield>
    <subfield code="b">Santillana,</subfield>
    <subfield code="c">2012.</subfield>
  </datafield>
  <datafield tag="300" ind1=" " ind2=" ">
    <subfield code="a">55 p. :</subfield>
    <subfield code="b">il. ;</subfield>
    <subfield code="c">28 cm.</subfield>
  </datafield>
  <datafield tag="490" ind1="1" ind2=" ">
    <subfield code="a">Innova</subfield>
  </datafield>
  <datafield tag="505" ind1="0" ind2=" ">
    <subfield code="g">v. 4 :</subfield>
    <subfield code="g">Unidad 1 --</subfield>
    <subfield code="t">El sonido k: Amanecer sure&#xF1;o --</subfield>
    <subfield code="t">El sonido z: La familia Ram&#xED;rez --</subfield>
    <subfield code="g">Unidad 2 --</subfield>
    <subfield code="t">Sonido G suave: El c&#xF3;digo secreto --</subfield>
    <subfield code="t">El sonido J: Liberan cotorras --</subfield>
    <subfield code="g">Unidad 3 --</subfield>
    <subfield code="t">El uso de r suave: La fauna del lago Enriquillo --</subfield>
    <subfield code="t">El uso de r fuerte: El origen del carnaval --</subfield>
    <subfield code="g">Unidad 4 --</subfield>
    <subfield code="t">S&#xED;laba t&#xF3;nica y tilde: Hacia la monta&#xF1;a --</subfield>
    <subfield code="t">Palabras agudas, llanas y esdr&#xFA;julas: El r&#xED;o Mao --</subfield>
    <subfield code="g">Unidad 5 --</subfield>
    <subfield code="t">Tirde en diptongos e hiatos: Cohetes y sat&#xE9;lites... --</subfield>
    <subfield code="t">El gui&#xF3;n: El cuento vac&#xED;o --</subfield>
    <subfield code="g">Unidad 6 --</subfield>
    <subfield code="t">Signos que cierran enunciados: Luces y sombras --</subfield>
    <subfield code="t">La h intercalada: Un h&#xE9;roe malhumorado --</subfield>
    <subfield code="g">Unidad 7 --</subfield>
    <subfield code="t">Palabras con z o d final: Propiedad privada --</subfield>
    <subfield code="t">Palabras con cc: El sastre --</subfield>
    <subfield code="g">Unidad 8 --</subfield>
    <subfield code="t">La coma: Sof&#xED;a y Estela --</subfield>
    <subfield code="t">El punto y coma: El partido de pelota --</subfield>
    <subfield code="g">Unidad 9 --</subfield>
    <subfield code="t">Palabras con ll: Marte y Saturno --</subfield>
    <subfield code="t">Palabras terminadas en y: El rey Midas --</subfield>
    <subfield code="g">Unidad 10 --</subfield>
    <subfield code="t">El punto y aparte: C&#xF3;mo se reciclan papel y cart&#xF3;n --</subfield>
    <subfield code="t">Los dos puntos: Una buena idea --</subfield>
    <subfield code="g">Unidad 11 --</subfield>
    <subfield code="t">Escribir Cartas: Estimado se&#xF1;or director --</subfield>
    <subfield code="t">Escribir di&#xE1;logos: Di&#xE1;logo de sordos --</subfield>
    <subfield code="g">Unidad 12 --</subfield>
    <subfield code="t">Escribir entrevistas: En el metro, con Milenka Venguerov --</subfield>
    <subfield code="t">Escribir cuentos: Los dos amigos --</subfield>
    <subfield code="g">Unidad 13 --</subfield>
    <subfield code="t">Escribir textos explositivos: Los hermanos Wright --</subfield>
    <subfield code="t">Escribir diarios: Diario de a bordo --</subfield>
  </datafield>
  <datafield tag="650" ind1=" " ind2="4">
    <subfield code="a">ESPA&#xD1;OL</subfield>
    <subfield code="x">ORTOGRAF&#xCD;A</subfield>
    <subfield code="x">ENSE&#xD1;ANZA   B&#xC1;SICA</subfield>
  </datafield>
  <datafield tag="650" ind1=" " ind2="4">
    <subfield code="a">ESPA&#xD1;OL</subfield>
    <subfield code="x">ORTOGRAF&#xCD;A</subfield>
    <subfield code="x">EDUCACI&#xD3;N  PRIMARIA</subfield>
  </datafield>
  <datafield tag="650" ind1=" " ind2="4">
    <subfield code="a">ESPA&#xD1;OL</subfield>
    <subfield code="x">ORTOGRAF&#xCD;A</subfield>
    <subfield code="x">ESTUDIOS Y EJERCICIOS</subfield>
  </datafield>
  <datafield tag="650" ind1=" " ind2="4">
    <subfield code="a">ESPA&#xD1;OL</subfield>
    <subfield code="x">ORTOGRAF&#xCD;A </subfield>
    <subfield code="x">LIBROS DE TEXTOS</subfield>
  </datafield>
  <datafield tag="650" ind1=" " ind2="4">
    <subfield code="a">EDUCACI&#xD3;N PRIMARIA</subfield>
    <subfield code="z">REP&#xDA;BLICA DOMINICANA</subfield>
  </datafield>
  <datafield tag="700" ind1="1" ind2=" ">
    <subfield code="a">Inch&#xE1;ustegui, Mar&#xED;a Isabel, </subfield>
    <subfield code="e">ed.</subfield>
  </datafield>
  <datafield tag="700" ind1="1" ind2=" ">
    <subfield code="a">N&#xFA;&#xF1;ez, Ruddy, </subfield>
    <subfield code="e">il. </subfield>
  </datafield>
  <datafield tag="700" ind1="1" ind2=" ">
    <subfield code="a">Garc&#xED;a de Escobar, Obdulia, </subfield>
    <subfield code="e">ed.</subfield>
  </datafield>
  <datafield tag="830" ind1=" " ind2="0">
    <subfield code="a">Innova</subfield>
  </datafield>
  <datafield tag="910" ind1=" " ind2=" ">
    <subfield code="a">Validado. Control de calidad MFF</subfield>
  </datafield>
  <datafield tag="930" ind1=" " ind2="1">
    <subfield code="l">BND01</subfield>
    <subfield code="m">LF1</subfield>
    <subfield code="8">20091130</subfield>
    <subfield code="f">01</subfield>
    <subfield code="p">HD</subfield>
    <subfield code="g">8732</subfield>
  </datafield>
  <datafield tag="930" ind1=" " ind2="1">
    <subfield code="l">BND01</subfield>
    <subfield code="m">LF1</subfield>
    <subfield code="8">20091130</subfield>
    <subfield code="f">01</subfield>
    <subfield code="p">HD</subfield>
    <subfield code="g">8732</subfield>
    <subfield code="h">v. 2</subfield>
  </datafield>
  <datafield tag="930" ind1=" " ind2="1">
    <subfield code="l">BND01</subfield>
    <subfield code="m">LF1</subfield>
    <subfield code="8">20091130</subfield>
    <subfield code="f">04</subfield>
    <subfield code="p">HD</subfield>
    <subfield code="g">8733</subfield>
    <subfield code="h">v. 3</subfield>
  </datafield>
  <datafield tag="930" ind1=" " ind2="1">
    <subfield code="l">BND01</subfield>
    <subfield code="m">LF1</subfield>
    <subfield code="8">20091204</subfield>
    <subfield code="f">01</subfield>
    <subfield code="p">HD</subfield>
    <subfield code="g">8733</subfield>
    <subfield code="h">v. 4</subfield>
  </datafield>
  <datafield tag="930" ind1=" " ind2="1">
    <subfield code="l">BND01</subfield>
    <subfield code="m">LF1</subfield>
    <subfield code="8">20091204</subfield>
    <subfield code="f">01</subfield>
    <subfield code="p">HD</subfield>
    <subfield code="g">8733</subfield>
    <subfield code="h">v. 5</subfield>
  </datafield>
  <datafield tag="930" ind1=" " ind2="1">
    <subfield code="l">BND01</subfield>
    <subfield code="m">LF1</subfield>
    <subfield code="8">20091204</subfield>
    <subfield code="f">04</subfield>
    <subfield code="p">HD</subfield>
    <subfield code="g">8733</subfield>
    <subfield code="h">v. 6</subfield>
  </datafield>
  <datafield tag="942" ind1=" " ind2=" ">
    <subfield code="2">ddc</subfield>
    <subfield code="c">BK</subfield>
  </datafield>
  <datafield tag="945" ind1=" " ind2=" ">
    <subfield code="a">Remanejado para la Bib. BNPHU, 2018/ YL</subfield>
  </datafield>
  <datafield tag="952" ind1=" " ind2=" ">
    <subfield code="0">0</subfield>
    <subfield code="1">0</subfield>
    <subfield code="2">ddc</subfield>
    <subfield code="4">0</subfield>
    <subfield code="7">0</subfield>
    <subfield code="8">CE</subfield>
    <subfield code="a">BPMET</subfield>
    <subfield code="b">BPMET</subfield>
    <subfield code="d">2016-04-13</subfield>
    <subfield code="e">Donaci&#xF3;n</subfield>
    <subfield code="l">0</subfield>
    <subfield code="o">372.63 J61o    4to.    2012</subfield>
    <subfield code="p">BPMSU16040387</subfield>
    <subfield code="r">2016-04-13</subfield>
    <subfield code="w">2016-04-13</subfield>
    <subfield code="y">BK</subfield>
  </datafield>
  <datafield tag="952" ind1=" " ind2=" ">
    <subfield code="0">0</subfield>
    <subfield code="1">0</subfield>
    <subfield code="2">ddc</subfield>
    <subfield code="4">0</subfield>
    <subfield code="7">0</subfield>
    <subfield code="8">CE</subfield>
    <subfield code="a">BPMET</subfield>
    <subfield code="b">BPMET</subfield>
    <subfield code="d">2016-04-14</subfield>
    <subfield code="e">Donaci&#xF3;n</subfield>
    <subfield code="l">0</subfield>
    <subfield code="o">372.63 J61o    4to.    2012</subfield>
    <subfield code="p">BPMSU16040426</subfield>
    <subfield code="r">2016-04-14</subfield>
    <subfield code="t">ej. 2</subfield>
    <subfield code="w">2016-04-14</subfield>
    <subfield code="y">BK</subfield>
  </datafield>
  <datafield tag="956" ind1=" " ind2=" ">
    <subfield code="a">DGARCIA</subfield>
    <subfield code="b">10</subfield>
    <subfield code="c">20150813</subfield>
    <subfield code="l">BND01</subfield>
    <subfield code="h">1306</subfield>
  </datafield>
  <datafield tag="956" ind1=" " ind2=" ">
    <subfield code="a">YLOCKWARD</subfield>
    <subfield code="b">10</subfield>
    <subfield code="c">20150814</subfield>
    <subfield code="l">BND01</subfield>
    <subfield code="h">1409</subfield>
  </datafield>
  <datafield tag="956" ind1=" " ind2=" ">
    <subfield code="a">VMATEO</subfield>
    <subfield code="b">10</subfield>
    <subfield code="c">20150824</subfield>
    <subfield code="l">BPMSU</subfield>
    <subfield code="h">00151</subfield>
  </datafield>
  <datafield tag="956" ind1=" " ind2=" ">
    <subfield code="a">LOPEREZ</subfield>
    <subfield code="b">10</subfield>
    <subfield code="c">20160413</subfield>
    <subfield code="l">BPMSU</subfield>
    <subfield code="h">00041</subfield>
  </datafield>
  <datafield tag="999" ind1=" " ind2=" ">
    <subfield code="c">9736</subfield>
    <subfield code="d">9736</subfield>
  </datafield>
</record>
